حقوق الإنسان الشخصية و السياسية / (رقم التسجيلة. 2775)

تفاصيل مارك
000 -LEADER
fixed length control field 00553nam a22001817a 4500
005 - DATE AND TIME OF LATEST TRANSACTION
control field 20251108164051.0
008 - FIXED-LENGTH DATA ELEMENTS--GENERAL INFORMATION
fixed length control field 250721s1972 xx 000 0 ara d
082 14 - DEWEY DECIMAL CLASSIFICATION NUMBER
Classification number 323.409562/عبد
100 1# - MAIN ENTRY--PERSONAL NAME
Personal name لحود، عبد الله
245 10 - TITLE STATEMENT
Title حقوق الإنسان الشخصية و السياسية /
264 1# - PRODUCTION, PUBLICATION, DISTRIBUTION, MANUFACTURE, AND COPYRIGHT NOTICE
Place of production, publication, distribution, manufacture بيروت :
Name of producer, publisher, distributor, manufacturer منشورات عويدات،
Date of production, publication, distribution, manufacture, or copyright notice 1972.
300 ## - PHYSICAL DESCRIPTION
Extent 204ص
650 17 - SUBJECT ADDED ENTRY--TOPICAL TERM
Topical term or geographic name as entry element الحقوق المدنية و السياسية
650 17 - SUBJECT ADDED ENTRY--TOPICAL TERM
Topical term or geographic name as entry element لبنان
700 1# - ADDED ENTRY--PERSONAL NAME
Personal name مغيزل، جوزف
942 ## - ADDED ENTRY ELEMENTS (KOHA)
Source of classification or shelving scheme Dewey Decimal Classification
Koha item type كتب
المقتنيات
حالة السحب حالة الفقدان مصدر التصنيف حالة التلف غير قابل للإعارة المكتبة الرئيسية المكتبة الحالية موقع الرف تاريخ التزويد الرقم المتسلسل Total Checkouts رقم الإستدعاء الباركود تاريخ آخر ظهور تاريخ الفاتورة نوع المادة (كوها)
    Dewey Decimal Classification     المكتبة المركزية المكتبة المركزية الإعارة 06/07/2004 37478   323.409562/عبد 37478 28/07/2025 06/07/2004 كتب
Implemented & Customized by: BBB with SCIT (Smart Chains for Information Technology)

Powered by Koha